| 000 | 00509nam a2200205Ia 4500 | ||
|---|---|---|---|
| 003 | OSt | ||
| 005 | 20230505133217.0 | ||
| 008 | 210423s2005 xx 000 0 und d | ||
| 020 | _a8126905824 | ||
| 040 | _cAL | ||
| 041 | _aeng | ||
| 082 | _a660.6 BHAS | ||
| 100 |
_aBHATIA (S C). _998717 |
||
| 245 | _aText book of biotechnology. | ||
| 260 |
_aNew Delhi _bAtlantic Publishers and Distributors _c2005 |
||
| 300 |
_axviii,429 _bPB |
||
| 365 |
_b750 _cINR |
||
| 906 | _abiotechnology. | ||
| 942 |
_2ddc _cBK |
||
| 999 |
_c163341 _d163341 |
||